000 00490nam a22001937a 4500
003 OSt
005 20140310182845.0
008 130611t xxu||||| |||| 00| 0 eng d
050 _aTX 840
_b.W373 1990
082 _aM 641.578
_bW38 1990
245 _aWeber :
_bcharcoal cookbook /
260 _aU.S.A :
_bWeber,
_c1990
300 _a28 p. :
_bill. col. ;
_c22 cm.
521 _acollege students
526 _c1210L-1700L
541 _j1
562 _e1
942 _2lcc
_cBK
_kM
999 _c16918
_d16918